[Event "IHEM 2001"]
[Site "?"]
[Date "2001.06.07"]
[Round "6.2"]
[White "Brodsky, Michail"]
[Black "Reeh, Oliver"]
[Result "1-0"]
[WhiteElo "2529"]
[BlackElo "2414"]
[PlyCount "111"]
[EventDate "2001.??.??"]

1. e4 c5 2. Nf3 d6 3. d4 cxd4 4. Nxd4 Nf6 5. Nc3 Nc6 6. f3 e6 7. Be3 Be7 8. Qd2
O-O 9. O-O-O a6 10. g4 Nxd4 11. Bxd4 b5 12. Rg1 b4 13. Ne2 Qa5 14. Kb1 e5 15.
Be3 Be6 16. Nc1 Rfc8 17. g5 Nh5 18. Bd3 g6 19. b3 Rc6 20. Ne2 Qc7 21. Qxb4 d5
22. Qd2 d4 23. Bf2 a5 24. Bb5 Rc5 25. a4 Rxb5 26. axb5 Bb4 27. c3 dxc3 28. Qc2
Rb8 29. Rd3 Nf4 30. Nxf4 exf4 31. b6 Rxb6 32. Bxb6 Qxb6 33. Rgd1 h6 34. gxh6 a4
35. Rxc3 Bxc3 36. Qxc3 Qxb3+ 37. Qxb3 Bxb3 38. Rd6 Be6 39. Ra6 Kh7 40. Rxa4
Kxh6 41. Kc2 g5 42. Kd2 Bh3 43. Ke2 Kg6 44. Ra6+ Kg7 45. Ra3 Kg6 46. Kd3 Bg2
47. Kd4 f6 48. Rb3 Bh3 49. Rb6 Kg7 50. Rb2 Kg6 51. Kd5 Bc8 52. Kd6 Bh3 53. Ke7
g4 54. fxg4 Kg5 55. Rf2 Bxg4 56. h4+ 1-0

[Event "IHEM 2001"]
[Site "?"]
[Date "2001.06.07"]
[Round "6.4"]
[White "Ftacnik, Lubomir"]
[Black "Loeffler, Stefan"]
[Result "1-0"]
[WhiteElo "2618"]
[BlackElo "2413"]
[PlyCount "53"]
[EventDate "2001.??.??"]

1. c4 c5 2. Nf3 g6 3. d4 Bg7 4. e4 Qb6 5. dxc5 Qxc5 6. Bd3 d6 7. h3 b6 8. O-O
Bb7 9. Be3 Qb4 10. Na3 Qxb2 11. Nc2 Nc6 12. a4 Bh6 13. a5 Bxe3 14. a6 Bxa6 15.
fxe3 Bb7 16. Nfd4 Nf6 17. Qe2 Qc3 18. Rfb1 Nxd4 19. exd4 Nxe4 20. Bxe4 Bxe4 21.
Qxe4 O-O 22. Ne3 e6 23. Rc1 Qb2 24. Qd3 e5 25. Nc2 b5 26. Rcb1 bxc4 27. Qe2 1-0

[Event "IHEM 2001"]
[Site "?"]
[Date "2001.06.07"]
[Round "6.5"]
[White "Siebrecht, Sebastian"]
[Black "Levin, Felix"]
[Result "0-1"]
[WhiteElo "2393"]
[BlackElo "2535"]
[PlyCount "42"]
[EventDate "2001.??.??"]

1. d4 d5 2. Nf3 Nf6 3. c4 dxc4 4. Nc3 a6 5. a4 Nc6 6. e4 Bg4 7. Be3 e6 8. Bxc4
Bb4 9. Bd3 Qe7 10. h3 Bxf3 11. Qxf3 O-O-O 12. e5 Nd5 13. Ke2 Bxc3 14. bxc3
Nxc3+ 15. Kf1 Nxe5 16. dxe5 Rxd3 17. Qg4 Qd7 18. g3 Rd8 19. Kg1 Qc6 20. Re1 Nd1
21. Bg5 Qxh1+ 0-1

[Event "IHEM 2001"]
[Site "?"]
[Date "2001.06.07"]
[Round "6.7"]
[White "Pajeken, Wolfgang"]
[Black "Reddmann, Hauke"]
[Result "1-0"]
[WhiteElo "2337"]
[BlackElo "2337"]
[PlyCount "83"]
[EventDate "2001.??.??"]

1. d4 f5 2. Nf3 Nf6 3. g3 b5 4. Bg2 Bb7 5. Qd3 Be4 6. Qxb5 Nc6 7. c3 e5 8. dxe5
Rb8 9. Qa4 Nxe5 10. Nbd2 Nxf3+ 11. Bxf3 Bxf3 12. Nxf3 Bc5 13. O-O Qe7 14. Qf4
Qxe2 15. Qxc7 O-O 16. Qxc5 Qxf3 17. Qxa7 f4 18. Bxf4 Rxb2 19. Qe3 Qh5 20. Qe5
Qh3 21. Qg5 h6 22. Qh4 Qxh4 23. gxh4 Ne4 {(=)} 24. Be3 Nxc3 25. a4 Ra8 26. a5
Ra6 27. Bb6 Nd5 28. Rfb1 Rxb1+ 29. Rxb1 Kf7 30. Kg2 Ke6 31. Kf3 Ra8 32. Rg1 Kf7
33. Ke4 Nxb6 34. axb6 Ra4+ 35. Kd5 Rb4 36. Kc5 Rb2 37. Rg4 d6+ 38. Kc6 Rc2+ 39.
Kxd6 Rxf2 40. Rb4 Rd2+ 41. Kc5 Rc2+ 42. Kb5 1-0

[Event "IHEM 2001"]
[Site "?"]
[Date "2001.06.07"]
[Round "6.8"]
[White "Heyken, Enno"]
[Black "Buhr, Carl Christian"]
[Result "1-0"]
[WhiteElo "2332"]
[BlackElo "2392"]
[PlyCount "160"]
[EventDate "2001.??.??"]

1. d4 d6 2. e4 Nf6 3. Nc3 g6 4. f3 Bg7 5. Be3 O-O 6. Qd2 c6 7. Bh6 e5 8. Nge2
b5 9. O-O-O Nbd7 10. h4 b4 11. Nb1 Bxh6 12. Qxh6 Kh8 13. h5 Ng8 14. Qd2 a5 15.
dxe5 dxe5 16. hxg6 fxg6 17. Ng1 Qf6 18. Nh3 Nb6 19. Qe3 Bxh3 20. Qxb6 Be6 21.
Nd2 Rad8 22. Bc4 Rd4 23. Bxe6 Qxe6 24. Qxa5 Rfd8 25. Nb3 Rxd1+ 26. Rxd1 Rxd1+
27. Kxd1 Qe7 28. Qc5 Qg5 29. Nd2 h5 30. Nc4 Qxg2 31. Qxe5+ Kh7 32. Qc7+ Kh6 33.
Qf4+ Kg7 34. Qe5+ Kh7 35. Qc7+ Kh6 36. Qf4+ Kg7 37. Ne3 Qf2 38. Qe5+ Nf6 39.
Qe7+ Kh6 40. Qxf6 Qxe3 41. f4 Kh7 42. f5 gxf5 43. Qf7+ Kh6 44. Qf8+ Kh7 45.
Qxf5+ Kh6 46. Qf8+ Kh7 47. Qf5+ Kh6 48. e5 h4 49. Qf6+ Kh5 50. Qf5+ Kh6 51.
Qf8+ Kh5 52. Qf7+ Kg5 53. Qf6+ Kg4 54. e6 h3 55. e7 h2 56. Qg6+ Kh3 57. Qh7+
Kg2 58. Qg8+ Kh3 59. Qh8+ Kg2 60. e8=Q Qxe8 61. Qxe8 h1=Q+ 62. Qe1 Qh3 63. Qe4+
Kf2 64. Qf4+ Kg2 65. Qg5+ Kf2 66. Qf6+ Ke3 67. Qe7+ Kf2 68. Qf8+ Kg2 69. Qg8+
Kf2 70. Qf7+ Kg2 71. Qg6+ Kf2 72. Qf6+ Ke3 73. Qe5+ Kf3 74. Qe2+ Kf4 75. Qc4+
Ke5 76. Qc5+ Ke4 77. Qxc6+ Kd4 78. Qd6+ Ke4 79. Qxb4+ Kf5 80. Qc5+ Kf6 1-0

[Event "IHEM 2001"]
[Site "?"]
[Date "2001.06.07"]
[Round "6.9"]
[White "Langrock, Hannes"]
[Black "Breyther, Ruediger"]
[Result "1/2-1/2"]
[WhiteElo "2261"]
[BlackElo "2363"]
[PlyCount "25"]
[EventDate "2001.??.??"]

1. e4 c5 2. d4 cxd4 3. c3 dxc3 4. Nxc3 Nc6 5. Nf3 e6 6. Bc4 Qc7 7. O-O Nf6 8.
Nb5 Qb8 9. e5 Ng4 10. Bf4 a6 11. Nd6+ Bxd6 12. exd6 b5 13. Bb3 {(=)} 1/2-1/2

[Event "IHEM 2001"]
[Site "?"]
[Date "2001.06.07"]
[Round "6.11"]
[White "Bach, Matthias"]
[Black "Lindinger, Markus"]
[Result "1/2-1/2"]
[WhiteElo "2339"]
[BlackElo "2299"]
[PlyCount "46"]
[EventDate "2001.??.??"]

1. d4 Nf6 2. c4 g6 3. Nc3 d5 4. cxd5 Nxd5 5. g3 Bg7 6. Bg2 Nb6 7. Nf3 Nc6 8.
O-O Nxd4 9. Nxd4 Qxd4 10. Qxd4 Bxd4 11. Nb5 Be5 12. Bf4 Bxf4 13. gxf4 O-O 14.
Nxc7 Rb8 15. Nb5 a6 16. Nd4 Rd8 17. e3 Nd5 18. Rac1 Nxf4 19. Rxc8 Rbxc8 20.
Bxb7 Rc7 21. Bxa6 e5 22. Nf3 Nd3 23. b3 e4 {(=)} 1/2-1/2

[Event "IHEM 2001"]
[Site "?"]
[Date "2001.06.07"]
[Round "6.12"]
[White "Trisic, Alexandar"]
[Black "Dankert, Peter"]
[Result "1-0"]
[WhiteElo "2283"]
[BlackElo "2232"]
[PlyCount "91"]
[EventDate "2001.??.??"]

1. e4 c5 2. Nc3 Nc6 3. g3 e6 4. Bg2 Nf6 5. f4 d6 6. Nf3 Be7 7. O-O O-O 8. d3
Rb8 9. Ne2 b5 10. h3 e5 11. g4 exf4 12. Bxf4 Qc7 13. Ng3 Ne5 14. Nf5 Bxf5 15.
gxf5 Nh5 16. Bh2 g6 17. Qd2 Bf6 18. Kh1 Qe7 19. Rg1 Kh8 20. c3 c4 21. d4 Nd3
22. Rae1 Bh4 23. Nxh4 Qxh4 24. Ref1 Ng3+ 25. Bxg3 Qxg3 26. f6 g5 27. Rf5 Rg8
28. Bf1 Qh4 29. Rg4 Qh6 30. h4 Rg6 31. Bxd3 cxd3 32. Rfxg5 Re8 33. Kg2 Rxf6 34.
Qe3 a6 35. Qg3 Rg6 36. Qf4 Rxg5 37. Qxg5 Qxg5 38. hxg5 Kg7 39. Kf3 Kg6 40. Kf4
f6 41. gxf6+ Kxf6 42. Rh4 Kg6 43. Rg4+ Kf6 44. Rg2 Rf8 45. Rg5 Ke6+ 46. Ke3 1-0

[Event "IHEM 2001"]
[Site "?"]
[Date "2001.06.07"]
[Round "6.13"]
[White "Dave, Shreyas"]
[Black "Putzbach, Gerd"]
[Result "0-1"]
[WhiteElo "2134"]
[BlackElo "2235"]
[PlyCount "76"]
[EventDate "2001.??.??"]

1. d4 g6 2. e4 Bg7 3. Nf3 c6 4. Nc3 d5 5. h3 Nh6 6. Bf4 f6 7. exd5 cxd5 8. Nb5
Na6 9. c4 Be6 10. Nc3 dxc4 11. d5 Bd7 12. Bxc4 Nf7 13. O-O O-O 14. Nd4 Qb6 15.
Ne6 Bxe6 16. dxe6 Ne5 17. Bxe5 fxe5 18. Nd5 Qd6 19. Qg4 Nb4 20. Rad1 Nxd5 21.
Rxd5 Qb6 22. Rd7 Rf4 23. Qe2 Bf6 24. g3 Rd4 25. Bb3 Rc8 26. Rd1 a5 27. h4 Qb4
28. h5 a4 29. Bd5 b6 30. hxg6 hxg6 31. Rxd4 exd4 32. Qg4 Kg7 33. Be4 Bg5 34.
Qxg5 Qe1+ 35. Kg2 Qxe4+ 36. f3 Qe2+ 37. Kh3 Rh8+ 38. Kg4 Qxe6+ 0-1

[Event "IHEM 2001"]
[Site "?"]
[Date "2001.06.07"]
[Round "6.14"]
[White "Fjodorow, Peter"]
[Black "Engelbert, Christoph"]
[Result "1/2-1/2"]
[WhiteElo "2040"]
[BlackElo "2238"]
[PlyCount "63"]
[EventDate "2001.??.??"]

1. e4 g6 2. d4 Bg7 3. Nc3 d6 4. f4 a6 5. Nf3 b5 6. Bd3 Bb7 7. Be3 Nd7 8. O-O e6
9. a4 b4 10. Ne2 Ngf6 11. Ng3 c5 12. c3 cxd4 13. cxd4 O-O 14. Nd2 Rc8 15. Qe2
Nb8 16. f5 exf5 17. exf5 Nd5 18. fxg6 fxg6 19. Bc4 {(=)} 19... Kh8 20. Kh1 Qe7
21. Bg1 Qxe2 22. Nxe2 Bh6 23. Rxf8+ Rxf8 24. Ne4 Nf4 25. Nxf4 Bxe4 26. Nd5 a5
27. Re1 Bc2 28. b3 Nc6 29. Ne7 Re8 30. Re2 Nxe7 31. Rxc2 d5 32. Bd3 {(=)}
1/2-1/2

[Event "IHEM 2001"]
[Site "?"]
[Date "2001.06.07"]
[Round "6.15"]
[White "Klarner, William R"]
[Black "Maahs, Erich"]
[Result "0-1"]
[WhiteElo "2197"]
[BlackElo "2199"]
[PlyCount "112"]
[EventDate "2001.??.??"]

1. c4 e5 2. g3 Nf6 3. Bg2 d5 4. cxd5 Nxd5 5. Nc3 Nb6 6. d3 Be7 7. Nf3 Nc6 8.
O-O O-O 9. a3 Be6 10. b4 f6 11. Be3 Nd5 12. Ne4 Nxe3 13. fxe3 Bd5 14. Nc3 Be6
15. Qc2 Qe8 16. Nd2 Rd8 17. Na4 Bd6 18. Bxc6 bxc6 19. Nc5 Bh3 20. Rf2 Kh8 21.
Rc1 Ra8 22. Nb7 Bd7 23. Na5 f5 24. Qc4 Qg6 25. Nf1 Rf6 26. Nxc6 f4 27. Nxe5
Bxe5 28. Qd5 Re8 29. Qxd7 fxg3 30. Rg2 gxh2+ 31. Kh1 Qf7 32. Qxf7 Rxf7 33. e4
Bb2 34. Rb1 Bxa3 35. Nxh2 Rb8 36. Ra1 Bxb4 37. Rxa7 Bc5 38. Ra1 Bd4 39. Rc1 Be3
40. Ra1 h5 41. Nf3 c5 42. Rg6 Kh7 43. Rc6 Rb2 44. Re1 g5 45. Ne5 Rf2 46. Ra1
Rb7 47. Nc4 Bd4 48. Re1 g4 49. Nd6 g3 50. e3 Bxe3 51. Rc7+ Kg6 52. Rg7+ Kxg7
53. Nf5+ Rxf5 54. exf5 Bd4 55. Kg2 h4 56. Kh3 Kf6 0-1

[Event "IHEM 2001"]
[Site "?"]
[Date "2001.06.08"]
[Round "7.2"]
[White "Farago, Ivan"]
[Black "Ftacnik, Lubomir"]
[Result "1/2-1/2"]
[WhiteElo "2485"]
[BlackElo "2618"]
[PlyCount "151"]
[EventDate "2001.??.??"]

1. d4 Nf6 2. c4 g6 3. Nc3 d5 4. Nf3 Bg7 5. Qb3 dxc4 6. Qxc4 O-O 7. e4 Bg4 8.
Be3 Nfd7 9. O-O-O Nb6 10. Qb3 a5 11. a3 e6 12. Be2 a4 13. Qc2 Nc6 14. Ng1 Bxe2
15. Ncxe2 Na5 16. Nf3 Nbc4 17. Bg5 Qe8 18. Kb1 c5 19. Rd3 Rc8 20. Rc3 b5 21.
Rd1 h6 22. Bc1 Nb3 23. e5 Qc6 24. dxc5 Qxc5 25. Be3 Qc7 26. Qe4 Rfd8 27. Rxd8+
Rxd8 28. Ka2 Rd1 29. Nc1 Nxc1+ 30. Bxc1 Qd8 31. Be3 Qd5 32. Qxd5 Rxd5 33. b3
Nxe5 34. Rc8+ Kh7 35. Nxe5 Bxe5 36. bxa4 bxa4 37. Rc4 Ra5 38. h3 g5 39. Kb1 Kg6
40. Kc2 Bd6 41. Bc1 f5 42. Kd3 Rc5 43. g4 e5 44. f3 Kf6 45. Rxc5 Bxc5 46. Kc4
Ba7 47. Kd5 e4 48. fxe4 f4 49. e5+ Ke7 50. Ke4 Ke6 51. Bb2 Bc5 52. Bc1 Bb6 53.
Bb2 Ba5 54. Ba1 Be1 55. Bb2 Ba5 56. Ba1 Bd2 57. Bd4 Bc1 58. Bc5 Bb2 59. Bd6 Bc3
60. Bb8 Ba1 61. Bc7 Bc3 62. Bb8 Ba5 63. Ba7 Bd8 64. Bd4 Be7 65. Bb2 Bc5 66. Bc1
f3 67. Kxf3 Kxe5 68. Ke2 Ke4 69. Bb2 Bf8 70. Bc1 Be7 71. Bb2 Kf4 72. Bg7 Kg3
73. Bxh6 Kxh3 74. Kd3 Kxg4 75. Bxg5 Kxg5 76. Kc4 1/2-1/2

[Event "IHEM 2001"]
[Site "?"]
[Date "2001.06.08"]
[Round "7.3"]
[White "Mueller, Karsten"]
[Black "Pajeken, Wolfgang"]
[Result "1-0"]
[WhiteElo "2525"]
[BlackElo "2337"]
[PlyCount "71"]
[EventDate "2001.??.??"]

1. e4 Nf6 2. e5 Nd5 3. d4 d6 4. Nf3 dxe5 5. Nxe5 g6 6. Bc4 c6 7. O-O Bg7 8. Re1
O-O 9. Bb3 Be6 10. h3 a5 11. c3 Nd7 12. Nf3 Nc7 13. Bg5 Re8 14. Nbd2 b5 15. Ne4
Bxb3 16. axb3 Ne6 17. Nd6 Nxg5 {(=)} 18. Nxe8 Nxf3+ 19. Qxf3 Qxe8 20. Qxc6 Nf6
21. Qxe8+ Nxe8 22. Rxe7 Nd6 23. Rd7 Ra6 24. Rd8+ Bf8 25. Kf1 Kg7 26. Ke2 Be7
27. Rb8 Kf6 28. Kd3 Ke6 29. c4 bxc4+ 30. bxc4 Kd7 31. c5 Nc8 32. b4 Kc7 33. Rb5
Rf6 34. bxa5 Ra6 35. d5 Na7 36. Rb6 1-0

[Event "IHEM 2001"]
[Site "?"]
[Date "2001.06.08"]
[Round "7.4"]
[White "Levin, Felix"]
[Black "Rogozenko, Dorian"]
[Result "1/2-1/2"]
[WhiteElo "2535"]
[BlackElo "2537"]
[PlyCount "86"]
[EventDate "2001.??.??"]

1. d4 Nf6 2. c4 e6 3. Nf3 d5 4. g3 dxc4 5. Bg2 Nc6 6. Qa4 Bb4+ 7. Bd2 Nd5 8.
Bxb4 Ndxb4 9. a3 b5 10. Qxb5 Nc2+ 11. Kd2 Nxa1 12. Qxc6+ Bd7 13. Qxc4 c5 14.
Qa2 cxd4 15. Qxa1 Rc8 16. b3 e5 17. Rd1 Qa5+ 18. b4 Qb5 19. Ke1 O-O 20. Nbd2
Rc2 21. a4 Qd5 22. Kf1 Rfc8 23. Ng5 Qd6 24. Be4 R2c7 25. Bxh7+ Kf8 26. Qa2 Qe7
27. Ndf3 g6 28. Nxe5 Bh3+ 29. Nxh3 Qxe5 30. Bxg6 fxg6 31. Nf4 Rc6 32. b5 Rd6
33. h4 Qe4 34. Kg1 Rc3 35. Qb2 Kg7 36. Qb4 Rd7 37. a5 Rc2 38. b6 axb6 39. axb6
Rc3 40. Qb5 Rf7 41. Qa4 Rxg3+ 42. fxg3 Qe3+ 43. Kh2 Rxf4 1/2-1/2

[Event "IHEM 2001"]
[Site "?"]
[Date "2001.06.08"]
[Round "7.5"]
[White "Reeh, Oliver"]
[Black "Heyken, Enno"]
[Result "0-1"]
[WhiteElo "2414"]
[BlackElo "2332"]
[PlyCount "82"]
[EventDate "2001.??.??"]

1. d4 Nf6 2. c4 e6 3. Nf3 d5 4. Nc3 Nbd7 5. cxd5 exd5 6. Bg5 Bb4 7. Rc1 c6 8.
a3 Bd6 9. e3 Nf8 10. Ne5 Ng6 11. f4 h6 12. Bxf6 Qxf6 13. Nxd5 cxd5 14. Rxc8+
Rxc8 15. Qa4+ Rc6 16. Nxc6 O-O 17. Ne5 Rc8 18. Qd7 Rc2 19. Nd3 Nh4 20. Kd1 Rc7
21. Qe8+ Kh7 22. Ne5 g6 23. Bd3 Nxg2 24. Ke2 Bxe5 25. Qxe5 Qd8 26. f5 Re7 27.
fxg6+ fxg6 28. Bxg6+ Kg8 29. Bh7+ Kxh7 30. Qf5+ Kh8 31. Qf6+ Kg8 32. Kd2 Qf8
33. Qg6+ Qg7 34. Qxg7+ Rxg7 35. Rf1 Nh4 36. Rf6 Rg6 37. Rf4 Rg2+ 38. Kc3 Rxh2
39. e4 dxe4 40. d5 Rh3+ 41. Kc4 Ng6 0-1

[Event "IHEM 2001"]
[Site "?"]
[Date "2001.06.08"]
[Round "7.8"]
[White "Reddmann, Hauke"]
[Black "Langrock, Hannes"]
[Result "1/2-1/2"]
[WhiteElo "2337"]
[BlackElo "2261"]
[PlyCount "46"]
[EventDate "2001.??.??"]

1. f4 e5 2. fxe5 Nc6 3. Nf3 g5 4. d4 g4 5. Ng5 d5 6. e4 h6 7. Nxf7 Kxf7 8. Be3
Nge7 9. Nc3 Bg7 10. exd5 Nxd5 11. Bc4 Be6 12. O-O+ Kg8 13. Bxd5 Bxd5 14. Qxg4
Ne7 15. Nxd5 Qxd5 16. Rf6 Kh7 17. Raf1 Raf8 18. c4 Qxc4 19. Bxh6 Bxh6 20. Rxh6+
Kxh6 21. Qh4+ Kg6 22. Qg4+ Kh6 23. Qh4+ Kg6 1/2-1/2

[Event "IHEM 2001"]
[Site "?"]
[Date "2001.06.08"]
[Round "7.9"]
[White "Buhr, Carl Christian"]
[Black "Siebrecht, Sebastian"]
[Result "1/2-1/2"]
[WhiteElo "2392"]
[BlackElo "2393"]
[PlyCount "67"]
[EventDate "2001.??.??"]

1. d4 Nf6 2. c4 c5 3. d5 b5 4. cxb5 a6 5. bxa6 Bxa6 6. Nc3 d6 7. g3 g6 8. Bg2
Bg7 9. Nf3 O-O 10. O-O Nbd7 11. Re1 Qc7 12. Rb1 Rfb8 13. b3 Ng4 14. Bb2 c4 15.
Nd4 cxb3 16. axb3 Nc5 17. h3 Ne5 18. Ba1 Ned3 19. exd3 Bxd4 20. Ne4 Bxa1 21.
Rxa1 Nxb3 22. Rb1 Qa5 23. Ng5 Ra7 24. Qf3 Rf8 25. Qe3 Rb7 26. Ne4 Kg7 27. h4
Qa4 28. Nd2 Nxd2 29. Rxb7 Bxb7 30. Qxd2 Qd4 31. Rxe7 Bxd5 32. Bxd5 Qxd5 33.
Qb2+ Kg8 34. Qc2 {(=)} 1/2-1/2

[Event "IHEM 2001"]
[Site "?"]
[Date "2001.06.08"]
[Round "7.10"]
[White "Breyther, Ruediger"]
[Black "Trisic, Alexandar"]
[Result "1-0"]
[WhiteElo "2363"]
[BlackElo "2283"]
[PlyCount "59"]
[EventDate "2001.??.??"]

1. e4 c5 2. Nf3 d6 3. d4 cxd4 4. Nxd4 Nf6 5. Nc3 a6 6. Be2 e6 7. O-O Be7 8. f4
O-O 9. Kh1 Qc7 10. Qe1 Nc6 11. Be3 Nxd4 12. Bxd4 b5 13. a3 Bb7 14. Qg3 Bc6 15.
Rae1 Qb7 16. Bd3 b4 17. Nd1 g6 18. Ne3 Nxe4 19. Bxe4 Bxe4 20. Ng4 f6 21. axb4
Rae8 22. Rf2 e5 23. Bc3 f5 24. Rfe2 fxg4 25. Rxe4 Bg5 26. Qd3 Bxf4 27. Qxd6 Bd2
28. Bd4 Qxe4 29. Rxe4 Rf1+ 30. Bg1 1-0

[Event "IHEM 2001"]
[Site "?"]
[Date "2001.06.08"]
[Round "7.11"]
[White "Putzbach, Gerd"]
[Black "Bach, Matthias"]
[Result "0-1"]
[WhiteElo "2235"]
[BlackElo "2339"]
[PlyCount "74"]
[EventDate "2001.??.??"]

1. d4 Nf6 2. Nf3 g6 3. c4 c5 4. d5 e6 5. Nc3 exd5 6. cxd5 d6 7. Nd2 Bg7 8. e4
O-O 9. Be2 b6 10. a4 Ba6 11. Bb5 Bxb5 12. axb5 a5 13. Nc4 Qc7 14. Bf4 Ne8 15.
g4 Nd7 16. Qd2 Ne5 17. Bxe5 Bxe5 18. f4 Bd4 19. O-O-O a4 20. Rhe1 a3 21. Nxa3
Rxa3 22. bxa3 Qa7 23. e5 Nc7 24. exd6 Nxd5 25. Nb1 Qa4 26. Re4 Qxb5 27. Rxd4
cxd4 28. Qxd4 Rc8+ 29. Kd2 Nxf4 30. Qxf4 Qb2+ 31. Ke3 Re8+ 32. Kf3 Qe2+ 33. Kg3
Re3+ 34. Kh4 f6 35. Rd5 Qe1+ 36. Qg3 Rxg3 37. d7 Rd3# 0-1

[Event "IHEM 2001"]
[Site "?"]
[Date "2001.06.08"]
[Round "7.12"]
[White "Lindinger, Markus"]
[Black "Fjodorow, Peter"]
[Result "1-0"]
[WhiteElo "2299"]
[BlackElo "2040"]
[PlyCount "53"]
[EventDate "2001.??.??"]

1. d4 Nf6 2. c4 g6 3. f3 d5 4. cxd5 Nxd5 5. e4 Nb6 6. Be3 Bg7 7. Nc3 O-O 8. Qd2
Nc6 9. O-O-O f5 10. e5 Nb4 11. h4 N4d5 12. Bh6 f4 13. Bxg7 Kxg7 14. g3 Be6 15.
h5 Rc8 16. Ne4 c5 17. hxg6 cxd4+ 18. Kb1 hxg6 19. Ng5 Bf5+ 20. Bd3 e6 21. Rh7+
Kg8 22. Rh8+ Kg7 23. Rh7+ Kg8 24. Nxe6 Bxe6 25. Qh2 Bf5 26. Bxf5 Rxf5 27. Qh6
1-0

[Event "IHEM 2001"]
[Site "?"]
[Date "2001.06.08"]
[Round "7.13"]
[White "Maahs, Erich"]
[Black "Meier, David-Geffrey"]
[Result "1-0"]
[WhiteElo "2199"]
[BlackElo "2083"]
[PlyCount "72"]
[EventDate "2001.??.??"]

1. e4 e6 2. d4 d5 3. Nd2 c5 4. Ngf3 cxd4 5. exd5 Qxd5 6. Bc4 Qd6 7. O-O Nc6 8.
Nb3 e5 9. Re1 Be7 10. Bb5 f6 11. Qd3 Bd7 12. Nh4 g6 13. f4 O-O-O 14. Qg3 Qc7
15. Nf3 Bb4 16. Re2 Nge7 17. fxe5 fxe5 18. Bg5 Rde8 19. Bd3 Bd6 20. Qe1 Bg4 21.
Be4 Rhf8 22. Rc1 Kb8 23. a3 Qb6 24. Kh1 Be6 25. Nfd2 Bg4 26. Nf3 Be6 27. Nbd2
Nd5 28. Nc4 Qc7 29. Nxd6 Qxd6 30. Rd1 Bg4 31. c3 Qc5 32. cxd4 Nxd4 33. Rxd4
Bxf3 34. Rxd5 Bxe2 35. Rxc5 Rf1+ 36. Qxf1 Bxf1 1-0

[Event "IHEM 2001"]
[Site "?"]
[Date "2001.06.08"]
[Round "7.14"]
[White "Dankert, Peter"]
[Black "Dave, Shreyas"]
[Result "1/2-1/2"]
[WhiteElo "2232"]
[BlackElo "2134"]
[PlyCount "35"]
[EventDate "2001.??.??"]

1. d4 Nf6 2. c4 e6 3. Nf3 b6 4. Bf4 Bb7 5. e3 d5 6. Nc3 Bb4 7. Qa4+ Nc6 8. Ne5
O-O 9. Nxc6 Bxc3+ 10. bxc3 Qd7 11. cxd5 Nxd5 12. Bg3 Bxc6 13. Qc2 Ba4 14. Qd2
c5 15. Bd3 cxd4 16. cxd4 Bb5 17. O-O Rfc8 18. Rfc1 {(=)} 1/2-1/2

[Event "IHEM 2001"]
[Site "?"]
[Date "2001.06.08"]
[Round "7.15"]
[White "Engelbert, Christoph"]
[Black "Klarner, William R"]
[Result "1/2-1/2"]
[WhiteElo "2238"]
[BlackElo "2197"]
[PlyCount "114"]
[EventDate "2001.??.??"]

1. e4 c5 2. c3 d5 3. exd5 Qxd5 4. d4 e6 5. Nf3 Nf6 6. Bd3 Nc6 7. O-O Be7 8. c4
Qd6 9. dxc5 Qxc5 10. Nc3 O-O 11. Qe2 Nd4 12. Nxd4 Qxd4 13. Rd1 Qh4 {(=)} 14.
Ne4 Nxe4 15. Qxe4 Qxe4 16. Bxe4 a5 17. Be3 f5 18. Bf3 g5 19. g3 f4 20. gxf4
gxf4 21. Bd4 a4 22. Kh1 Rf5 23. Be4 Rg5 24. Rg1 Raa5 25. Rxg5+ Rxg5 26. Rg1
Rxg1+ 27. Kxg1 Bd6 28. Bb6 Be5 29. b3 axb3 30. axb3 h6 31. Kf1 Kf7 32. Ke2 f3+
33. Kxf3 Bxh2 34. Kg4 Be5 35. Be3 Bg7 36. Kh5 Kf6 37. Bf4 Bf8 38. Bc7 Bc5 39.
f4 b6 40. Be5+ Kf7 41. Kxh6 Bd7 42. Bd3 Bc6 43. Kg5 Bf3 44. Bg6+ Ke7 45. Bc2
Kf7 46. Bc3 Be7+ 47. Kh6 Bf8+ 48. Kh7 Bc5 49. Bg6+ Kf8 50. Bd3 Kf7 51. b4 Be3
52. Be5 Bf2 53. Bc7 Bd4 54. Bd6 e5 55. fxe5 Ke6 56. c5 bxc5 57. Bc4+ Bd5
1/2-1/2

[Event "IHEM 2001"]
[Site "?"]
[Date "2001.06.09"]
[Round "8.2"]
[White "Brodsky, Michail"]
[Black "Levin, Felix"]
[Result "1-0"]
[WhiteElo "2529"]
[BlackElo "2535"]
[PlyCount "85"]
[EventDate "2001.??.??"]

1. e4 c5 2. Nf3 d6 3. d4 cxd4 4. Nxd4 Nf6 5. Nc3 Nc6 6. f3 e6 7. Be3 Be7 8. Qd2
O-O 9. O-O-O Nxd4 10. Qxd4 a6 11. g4 b5 12. g5 Nd7 13. h4 Rb8 14. Kb1 b4 {(=)}
15. Ne2 a5 16. Qd2 Bb7 17. h5 d5 18. g6 Bf6 19. Nf4 Ne5 20. gxf7+ Rxf7 21. Nxe6
Nxf3 22. Qe2 Qd6 23. Qxf3 Qxe6 24. exd5 Qe5 25. Bc1 a4 26. Qe3 b3 27. axb3 axb3
28. cxb3 Qd6 29. Bh3 Kh8 30. Qe6 Qf8 31. Qe3 Qb4 32. Qf4 Qf8 33. Be6 Re7 34.
Rhf1 h6 35. Qf5 Ba6 36. d6 Rxe6 37. Qxe6 Bxf1 38. Rxf1 Rb6 39. Rd1 Qb8 40. Rd3
Qa8 41. Qd5 Qb8 42. d7 Qd8 43. Re3 1-0

[Event "IHEM 2001"]
[Site "?"]
[Date "2001.06.09"]
[Round "8.3"]
[White "Lanka, Zigurds"]
[Black "Mueller, Karsten"]
[Result "1/2-1/2"]
[WhiteElo "2483"]
[BlackElo "2525"]
[PlyCount "22"]
[EventDate "2001.??.??"]

1. e4 e6 2. d4 d5 3. Nd2 Nf6 4. e5 Nfd7 5. Bd3 c5 6. c3 Nc6 7. Ne2 cxd4 8. cxd4
f6 9. exf6 Nxf6 10. O-O Bd6 11. Nc3 Qc7 {(=)} 1/2-1/2

[Event "IHEM 2001"]
[Site "?"]
[Date "2001.06.09"]
[Round "8.6"]
[White "Pajeken, Wolfgang"]
[Black "Bach, Matthias"]
[Result "1/2-1/2"]
[WhiteElo "2337"]
[BlackElo "2339"]
[PlyCount "122"]
[EventDate "2001.??.??"]

1. d4 d5 2. c4 e6 3. Nf3 c5 4. cxd5 exd5 5. g3 Nc6 6. Bg2 Nf6 7. O-O Be7 8. Nc3
O-O 9. Bg5 c4 10. Ne5 Be6 11. Nxc6 bxc6 12. b3 Qa5 13. Na4 Rab8 14. e3 Bf5 15.
Bxf6 Bxf6 16. Nc5 Be7 17. Qf3 Bd3 18. Nxd3 cxd3 19. Qf5 d2 20. Qc2 Ba3 21. Rad1
Bb4 22. Qxc6 Rfd8 23. Qc2 Rbc8 24. Qf5 g6 25. Qb1 Rc7 26. h4 Rd6 27. h5 Rdc6
28. e4 Re6 29. e5 gxh5 30. Qf5 Rg6 31. Bf3 Qxa2 32. Bxd5 Qb2 33. Qf4 Qc3 34.
Be4 Rg7 35. d5 Rd7 36. d6 Qxb3 37. Bc6 Rd8 38. Qh4 Ba5 39. Rxd2 Qc3 40. Ra2 Bb6
41. Bg2 Qxe5 42. Rxa7 Qxd6 43. Raa1 Rg4 44. Qh3 Qg6 45. Kh1 Rd3 46. Ra6 Rb3 47.
Bd5 Rb1 48. Bf3 Rgb4 49. Qc8+ Kg7 50. Qc3+ Qf6 51. Qxf6+ Kxf6 52. Rxb1 Rxb1+
53. Kg2 Rb2 54. Be2 Kg5 55. Kf3 h4 56. gxh4+ Kxh4 57. Ra4+ Kg5 58. Rg4+ Kf6 59.
Rf4+ Kg7 60. Rf5 h6 61. Rb5 Rxb5 1/2-1/2

[Event "IHEM 2001"]
[Site "?"]
[Date "2001.06.09"]
[Round "8.7"]
[White "Reeh, Oliver"]
[Black "Reddmann, Hauke"]
[Result "1-0"]
[WhiteElo "2414"]
[BlackElo "2337"]
[PlyCount "45"]
[EventDate "2001.??.??"]

1. e4 c5 2. Nf3 d6 3. d4 cxd4 4. Nxd4 Nf6 5. Nc3 a6 6. Bg5 Nc6 7. f4 h6 8. Bxf6
gxf6 9. Qd2 e6 10. O-O-O Qb6 11. Nb3 Bd7 12. Kb1 O-O-O 13. Be2 h5 14. h4 Qf2
15. Rdf1 Qg3 16. Rh3 Qg6 17. Qe3 Be7 18. Rg3 Qh7 19. Qb6 Rdg8 20. Bxa6 bxa6 21.
Rd3 Rxg2 22. Rfd1 Rhg8 23. Nc5 1-0

[Event "IHEM 2001"]
[Site "?"]
[Date "2001.06.09"]
[Round "8.9"]
[White "Lindinger, Markus"]
[Black "Breyther, Ruediger"]
[Result "1/2-1/2"]
[WhiteElo "2299"]
[BlackElo "2363"]
[PlyCount "69"]
[EventDate "2001.??.??"]

1. d4 Nf6 2. c4 e6 3. g3 d5 4. Bg2 Bb4+ 5. Bd2 Be7 6. Bc3 O-O 7. Nh3 c5 8. dxc5
Nc6 9. b4 d4 10. b5 dxc3 11. bxc6 Qa5 12. Qc2 bxc6 13. Qxc3 Qxc5 14. Nf4 Ng4
15. Nd3 Qh5 16. Qc2 Bf6 17. Nc3 Ba6 18. h3 Qa5 19. Rc1 Ne5 20. O-O Nxd3 21.
exd3 Rac8 22. Ne4 Bd4 23. Nd2 {(=)} 23... Rfd8 24. Nb3 Qa3 25. Rfd1 c5 26. Nxd4
Rxd4 27. Rb1 Rcd8 28. Rb3 Qa5 29. Rdb1 h6 30. Bf1 R4d6 31. Qc3 Qxc3 32. Rxc3
Rb6 33. Rxb6 axb6 34. Ra3 Bb7 {(=)} 35. Bg2 1/2-1/2

[Event "IHEM 2001"]
[Site "?"]
[Date "2001.06.09"]
[Round "8.11"]
[White "Buhr, Carl Christian"]
[Black "Loeffler, Stefan"]
[Result "1/2-1/2"]
[WhiteElo "2392"]
[BlackElo "2413"]
[PlyCount "40"]
[EventDate "2001.??.??"]

1. d4 Nf6 2. Nf3 c5 3. e3 g6 4. Be2 Bg7 5. O-O O-O 6. b3 d5 7. Bb2 cxd4 8. Nxd4
Re8 9. c4 e5 10. Nf3 Nc6 11. cxd5 Nxd5 12. Bc4 Be6 13. Nc3 Nxc3 14. Bxc3 Bxc4
15. bxc4 e4 16. Bxg7 Kxg7 17. Nd4 Ne5 18. Qb1 Nxc4 19. Qxb7 Qc8 20. Qxc8 Raxc8
1/2-1/2